[Event "DSOL 06 Liga Gr-B 1st"]
[Site "Playchess.com INT"]
[Date "2020.06.22"]
[Round "1.2"]
[White "Schubert, Maik"]
[Black "Atzbach, Christopher"]
[Result "0-1"]
[WhiteElo "1740"]
[BlackElo "1373"]
[PlyCount "83"]
[EventDate "2020.06.22"]
[EventType "team-tourn (rapid)"]
[EventCountry "GER"]
[SourceTitle "EXT 2021"]
[Source "ChessBase"]
[SourceDate "2020.10.23"]
[SourceVersion "1"]
[SourceVersionDate "2020.10.23"]
[SourceQuality "1"]
[WhiteTeam "Dresden Striesen II"]
[BlackTeam "Koeln Muelheim"]
[WhiteTeamCountry "GER"]
[BlackTeamCountry "GER"]

1. e4 g6 2. d4 Bg7 3. Nf3 d6 4. Nc3 a6 5. Be3 b5 6. a3 Bb7 7. Qd2 Nd7 8. Bd3 c5 9. dxc5 Nxc5 10. Rc1 Rc8 11. b4 Nxd3+ 12. cxd3 h6 13. 0-0 Nf6 14. Ne2 Ng4 15. Bd4 e5 16. Bb2 0-0 17. h3 Nf6 18. Rxc8 Qxc8 19. Rc1 Qd7 20. Nh2 Rc8 21. f4 Rxc1+ 22. Qxc1 Ne8 23. fxe5 dxe5 24. Qe3 Nd6 25. Ng4 Qe6 26. Nxh6+ Kh7 27. Ng4 f5 28. exf5 Nxf5 29. Qc5 Nd4 30. Bxd4 exd4 31. Qc2 Bc8 32. Kh1 Qe8 33. Nh2 Bb7 34. Ng4 Bc8 35. Nh2 Bf5 36. Nf3 Qe3 37. Qb2 Bxd3 38. Nexd4 Be4 39. Qe2 Bxd4 40. Ng5+ Qxg5 41. Qxe4 Qe3 42. Qe7+ 0-1